AH International Schools' Libraries

The Kingfisher book of classic boy stories : (Record no. 49759)

MARC details
000 -LEADER
fixed length control field 00645nam a2200193 4500
020 ## - INTERNATIONAL STANDARD BOOK NUMBER
International Standard Book Number 9781848359178
Terms of availability £15.99
035 ## - SYSTEM CONTROL NUMBER
System control number (UkCU)c900325275
039 0# - LEVEL OF BIBLIOGRAPHIC CONTROL AND CODING DETAIL [OBSOLETE]
Level of rules in bibliographic description 2658
040 ## - CATALOGING SOURCE
Original cataloging agency UkCU
Modifying agency Uk
082 04 - DEWEY DECIMAL CLASSIFICATION NUMBER
Classification number 823.0108352041
Edition number 21
245 04 - TITLE STATEMENT
Title The Kingfisher book of classic boy stories :
Remainder of title a treasury of favourites from children's literature /
Statement of responsibility, etc chosen by Michael Morpurgo.
260 ## - PUBLICATION, DISTRIBUTION, ETC. (IMPRINT)
Place of publication, distribution, etc London :
Name of publisher, distributor, etc Kingfisher,
Date of publication, distribution, etc 2000.
300 ## - PHYSICAL DESCRIPTION
Extent 160p. :
Other physical details ill. ;
Dimensions 28cm.
650 #0 - SUBJECT ADDED ENTRY--TOPICAL TERM
Topical term or geographic name as entry element Children's stories, American.
650 ## - SUBJECT ADDED ENTRY--TOPICAL TERM
Topical term or geographic name as entry element Children's stories, English.
700 ## - ADDED ENTRY--PERSONAL NAME
Personal name Morpurgo, Michael.
9 (RLIN) 46995
942 ## - ADDED ENTRY ELEMENTS (KOHA)
Source of classification or shelving scheme
Holdings
Withdrawn status Lost status Source of classification or shelving scheme Damaged status Not for loan Home library Current library Date acquired Total Checkouts Full call number Barcode Date last seen Price effective from Koha item type
          Logos International School Logos International School 11/14/2025   J 823.010 MOR 041961 11/17/2025 11/14/2025 Book

For any Logos Library related questions please contact Miss Art at swongnarasuk@asianhope.org.

For any Asian Hope Library related questions please contact Miss Raza at graza@asianhope.org.

Powered by Koha